Bundesliga: Welcher Spieler wird gesucht? Anhand der Vereinsvita - Statistiken

Allgemein
  • Dieses Quiz wurde 143 mal gespielt
    126 seit der letzten Aktualisierung
  • Das Durchschnittsergebnis liegt bei 7 aus 25
Antwortstatistiken
Vereine Zeitraum Anz. BL-Spiele Spieler % Korrekt
Kaiserslautern, Bremen, Bayern 2000-2011 307 Miroslav Klose
81%
Leverkusen, Dortmund, Stuttgart, Bielefeld 2005-2022 421 Gonzalo Castro
57%
Stuttgart, Bayern, Wolfsburg 2004-2019 328 Mario Gomez
57%
Bremen, Wolfsburg, Schalke 2005-2018 358 Naldo
55%
Schalke, St Pauli, Fürth 1999-2013 323 Gerald Asamoah
47%
Mainz, Leverkusen, Wolfsburg, Dortmund 2009-2018 207 Andre Schürrle
46%
Bremen, Schalke, Hamburg, Duisburg 1998-2008 219 Ailton
35%
Gladbach, Bayern, Hamburg 2004-2015 242 Marcell Jansen
31%
Freiburg, Leverkusen, Dortmund, Bremen 2008-2021 263 Ömer Toprak
31%
Stuttgart, Schalke, Hoffenheim 2001-2016 275 Kevin Kuranyi
29%
Stuttgart, Dortmund, Hannover, Hertha 1994-2005 285 Fredi Bobic
27%
Mannheim, Leverkusen, Dortmund 1989-2008 469 Christian Wörns
26%
Bremen, Düsseldorf, Stuttgart, Hannover, Hamburg 2007-2019 240 Martin Harnik
24%
Rostock, Dortmund, Hamburg, Leverkusen 1996-2008 330 Sergej Barbarez
22%
Hertha, Dortmund, Schalke, Frankfurt 2005-2023 163 Kevin-Prince Boateng
21%
Schalke, Wolfsburg, Hannover, Gladbach, Freiburg 2002-2014 284 Mike Hanke
21%
Bayern, Bochum, Nürnberg, Wolfsburg 2002-2010 157 Zvjezdan Misimovic
18%
Bayern, Mainz, Dortmund, Nürnberg, Augsburg 2001-2017 204 Markus Feulner
15%
Schalke, Bayern, Darmstadt 2003-2017 192 Hamit Altintop
12%
Stuttgart, Düsseldorf, Leverkusen, Hannover, Wolfsburg 1993-2007 204 Thomas Brdaric
12%
Köln, Dortmund, Hertha 2002-2012 192 Florian Kringe
10%
Frankfurt, 1860, Bielefeld, Schalke, Gladbach 1995-2008 233 Jörg Böhme
7%
Frankfurt, Wolfsburg, Köln, Schalke, Hamburg 1999-2011 118 Albert Streit
3%
Bochum, Lautern, Hamburg, Nürnberg 2006-2019 137 Ivo Ilicevic
3%
Gladbach, Köln, Leverkusen, Hertha, Düsseldorf 1995-2013 155 Andrey Voronin
2%
Keine übereinstimmenden Quizze gefunden
Verteilung der Resultate
Anzahl Personen mit jedem Resultat
Perzentil nach korrekt beantworteten Fragen
Ihre Resultats-Entwicklung
Sie haben dieses Quiz seit der letzten Aktualisierung nicht gespielt